Modern mobile phones unlocking and utility codes (Record no. 885)

MARC details
000 -LEADER
fixed length control field 00812 a2200205 4500
008 - FIXED-LENGTH DATA ELEMENTS--GENERAL INFORMATION
fixed length control field 080821t xxu||||| |||| 00| 0 eng d
010 ## - LIBRARY OF CONGRESS CONTROL NUMBER
LC control number ENG-85011
020 ## - INTERNATIONAL STANDARD BOOK NUMBER
Terms of availability 60.00
International Standard Book Number 8183331386
035 ## - SYSTEM CONTROL NUMBER
System control number EN-68544
037 ## - SOURCE OF ACQUISITION
Source of stock number/acquisition D. B. Act / Pub
082 ## - DEWEY DECIMAL CLASSIFICATION NUMBER
Classification number 621.385
100 ## - MAIN ENTRY--PERSONAL NAME
Personal name Lotia, Manahar
245 ## - TITLE STATEMENT
Title Modern mobile phones unlocking and utility codes
Remainder of title for GSM and CDMA phones
Statement of responsibility, etc by Manahar Lotia
260 ## - PUBLICATION, DISTRIBUTION, ETC. (IMPRINT)
Place of publication, distribution, etc New Delhi
Name of publisher, distributor, etc BPB Publications
Date of publication, distribution, etc 2006
270 ## - ADDRESS
Address B-14, Connaught Place
City New Delhi
State or province Delhi
Postal code 110001
300 ## - PHYSICAL DESCRIPTION
Extent 104 p.
Other physical details ill,
Dimensions 21 cm. (Pbk)
650 ## - SUBJECT ADDED ENTRY--TOPICAL TERM
Topical term or geographic name as entry element Mobile phone
General subdivision codes
942 ## - ADDED ENTRY ELEMENTS (KOHA)
Institution code [OBSOLETE] dpl
Koha item type English Books
Call number prefix 621.385 / LOT
Source of classification or shelving scheme Dewey Decimal Classification
Classification part 621.385
Call number suffix LOT
Holdings
Withdrawn status Lost status Damaged status Not for loan Home library Current library Date acquired Cost, normal purchase price Total Checkouts Full call number Barcode Date last seen Copy number Uniform Resource Identifier Cost, replacement price Price effective from Koha item type
        D.B.Act.Division D.B.Act.Division 21/08/2008 60.00   621.385 LOT EN-68544 15/09/2008 1 947 60.00 15/09/2008 English Books

© Delhi Public Library
Hit Counter
free hit counter